Detalles MARC
| 000 -ENCABEZADO |
| Número de control [NR] |
02196 a2200325 4500 |
| 005 - FECHA Y HORA DE LA ÚLTIMA TRANSACCIÓN |
| control field |
20211217135430.0 |
| 008 - DE LONGITUD FIJA DE DATOS DE ELEMENTOS - INFORMACIÓN GENERAL |
| Elementos de longitud fija [NR] |
140310s19542009ck g 0 m eng d |
| 040 ## - FUENTE DE CATALOGACION [NR] |
| Agencia de catalogación original [NR] |
CO-BoUCM |
| Idioma de catalogación [NR] |
spa |
| Quien Cataloga |
Deissy Garcia (modificó) |
| Quien Clasifica |
Aldemar Mondragón |
| 041 ## - CODIGO DE IDIOMA [R] |
| Código de idioma para texto/pista de sonido o título separado [R] |
Inglés |
| 092 ## - SIGNATURA TOPOGRAFICA LOCAL |
| Número de clasificación local |
DVD 1340 |
| 245 00 - MENCION DE TITULO [NR] |
| Título [NR] |
20.000 leguas de viaje submarino |
| Mención de responsabilidad, etc. [NR] |
Richard Fleischer, director |
| Medio físico [NR] |
[DVD] |
| 246 13 - FORMA VARIANTE DEL TITULO [R] |
| Título propiamente dicho/forma breve del título [NR] |
Veinte mil leguas de viaje submarino |
| 246 13 - FORMA VARIANTE DEL TITULO [R] |
| Título propiamente dicho/forma breve del título [NR] |
20000 Leagues Under the Sea |
| 260 ## - PUBLICACION, DISTRIBUCION, ETC. (PIE DE IMPRENTA) [R] |
| Lugar de publicación, distribución, etc. [R] |
Bogotá (Colombia) |
| Nombre del editor, distribuidor, etc. [R] |
CD Systems de Colombia |
| Fecha de publicación, distribución, etc. [R] |
2009 |
| Fecha de fabricación [R] |
1954 |
| 300 ## - DESCRIPCION FISICA [R] |
| Extensión [R] |
1 DVD, 127 minutos |
| Otros detalles físicos [NR] |
imagen, sonido, color |
| 490 0# - MENCION DE SERIE [R] |
| Mención de serie [R] |
Cine clásico: 100 películas inolvidables |
| Designación numérica/secuencial del volumen [NR] |
37 |
| 500 ## - NOTA GENERAL [R] |
| Nota general [NR] |
SINOPSIS: Los marineros y pescadores del océano pacifico, están aterrados por la aparición de un monstruo marino, que ataca a todas las naves las destruye y desaparece a sus ocupantes. Los americanos pagan a un barco de guerra, con la última tecnología para destruiral monstruo, pero este los ataca y destruye el barco. Los ocupantes son rescatados por "la bestia" que no es otra cosa que un barco con la facultad de sumergirse y surcar los mares en las profundidades [Tomado de la fuente] |
| 508 ## - NOTA DE CREDITOS DE CREACION/PRODUCCION [R] |
| Nota de créditos de creación/producción [NR] |
CRÉDITOS: Dirigida por Richard Fleischer ; guion por Earl Felton ; producida por Walt Disney ; música por Paul J. Smith ; fotografía por Franz Planer ; diseño de producción por Harper Goff ; dirección de arte por John Meehan ; ambientación por Emile Kuri ; efectos especiales por John Hench |
| 511 0# - NOTA DE PARTICIPANTE O INTERPRETE [R] |
| Nota de participante o intérprete [NR] |
REPARTO: Kirk Douglas, James Mason, Paul Lukas, Peter Lorre, Robert J. Wilke, Ted de Corsia, Carleton Young, J.M. Kerrigan, Percy Helton, Ted Cooper |
| 546 ## - NOTA DE IDIOMA [R] |
| Nota de idioma [NR] |
Audio en inglés. Subtítulos en español |
| 586 ## - NOTA DE PREMIOS [R] |
| Nota de premios [NR] |
Ganadora de un premio de la Academia, 1955 (mejor diseño de arte y decoración) |
| 650 #7 - ASIENTO SECUNDARIO DE MATERIA - TERMINO TEMATICO [R] |
| 9 (RLIN) |
57712 |
| Término temático o nombre geográfico como elemento de entrada [NR] |
Películas cinematográficas de ciencia-ficción |
| Subdivisión de forma [R] |
DVD |
| 650 #7 - ASIENTO SECUNDARIO DE MATERIA - TERMINO TEMATICO [R] |
| 9 (RLIN) |
51342 |
| Término temático o nombre geográfico como elemento de entrada [NR] |
Películas de acción |
| Subdivisión de forma [R] |
DVD |
| 690 ## - ASUNTO AGREGADO LOCAL DE ENTRADA - TÉRMINO TEMÁTICO (OCLC, RLIN) |
| Acceso temático local |
Entretenimiento |
| 9 (RLIN) |
26487 |
| 700 1# - ASIENTO SECUNDARIO - NOMBRE PERSONAL [R] |
| Nombre personal [NR] |
Fleischer, Richard |
| Término de relación [R] |
director |
| 9 (RLIN) |
58146 |
| 710 2# - ASIENTO SECUNDARIO - NOMBRE CORPORATIVO [R] |
| Nombre corporativo o de jurisdicción como elemento de entrada [NR] |
CD Systems de Colombia |
| 9 (RLIN) |
57815 |
| 710 2# - ASIENTO SECUNDARIO - NOMBRE CORPORATIVO [R] |
| Nombre corporativo o de jurisdicción como elemento de entrada [NR] |
Walt Disney Productions |
| 9 (RLIN) |
58147 |
| 765 0# - ASIENTO DE IDIOMA ORIGINAL [R] |
| Título [NR] |
20.000 leagues under the sea |
| 942 ## - ELEMENTOS DE ENTRADA AGREGADOS (KOHA) |
| Source of classification or shelving scheme |
LOCAL |
| Tema principal |
Entretenimiento |
| Koha item type |
Multimedia |
| Edition |
1 |
| Classification part |
DVD 1340 |